LEADER 00964nam a2200205 4500 001 000000367156 003 CaOOAMICUS 005 20260410103059.0 008 260410s1888 it a 000 u ita r 040 $aSeMil$bita 100 1 $aVelluti-Zati, Donato.$0(OLS)http://semarc/name/68606 245 10$aD. Giovanni Bosco :$bparole dette nella Chiesa dei padri dell'Oratorio in Firenze /$cmons. Donato Velluti di S. Clemente. 264 1$aFirenze :$bLibreria Salesiana,$c1888. 300 $a48 p., [1] carta di tav. : ritr. ;$c28 cm 600 14$aBosco, Giovanni .$0(OLS)http://semarc/subject/3727 850 $aSeMil 852 $aSeMil$W1$xVenegono$y1$m5C VIII 10/11$j270010$B257880$CSeMilBibl$Z2$F257880 $8I 996 $6245$aD. Giovanni Bosco :$bparole dette nella Chiesa dei padri dell'Oratorio in Firenze$9(OLS)http://semarc/title/459031 996 $6264$aFirenze :$bLibreria Salesiana$9(OLS)http://semarc/publisher/33483